ბათუმის შოთა რუსთაველის სახელმწიფო უნივერსიტეტის ბიბლიოთეკა

Структура слова в индоевропейских и германских языках / (ბიბ.ჩანაწერი № 36891)

000 -LEADER
fixed length control field 00655nam a2200205Ia 4500
001 - CONTROL NUMBER
control field 2842
003 - CONTROL NUMBER IDENTIFIER
control field GE_BSU
005 - DATE AND TIME OF LATEST TRANSACTION
control field 20221028120536.0
008 - FIXED-LENGTH DATA ELEMENTS--GENERAL INFORMATION
fixed length control field 181216s1970ru xx |||||||||||||| ||rus||
040 ## - CATALOGING SOURCE
Transcribing agency GE_BSU
041 ## - LANGUAGE CODE
Language code of text/sound track or separate title rus
080 ## - UNIVERSAL DECIMAL CLASSIFICATION NUMBER
Universal Decimal Classification number 811.1+811.112.2
100 ## - MAIN ENTRY--PERSONAL NAME
Personal name Макаев, Э.А
9 (RLIN) 15624
245 ## - TITLE STATEMENT
Title Структура слова в индоевропейских и германских языках /
Statement of responsibility, etc. Э.А. Макаев.
264 ## - PRODUCTION, PUBLICATION, DISTRIBUTION, MANUFACTURE, AND COPYRIGHT NOTICE
Place of production, publication, distribution, manufacture Москва :
Name of producer, publisher, distributor, manufacturer Наука,
Date of production, publication, distribution, manufacture, or copyright notice 1970.
300 ## - PHYSICAL DESCRIPTION
Extent 285 с.:
Other physical details 22 см.
653 ## - INDEX TERM--UNCONTROLLED
keyword Структура слова
653 ## - INDEX TERM--UNCONTROLLED
keyword სიტყვის სტრუქტურა
942 ## - ADDED ENTRY ELEMENTS (KOHA)
Koha item type წიგნი
Source of classification or shelving scheme
ეგზემპლარები
Withdrawn status Lost status Source of classification or shelving scheme Damaged status Not for loan Permanent Location Current Location Shelving location Date acquired Full call number Barcode Date last seen Copy number Price effective from Koha item type
          ბათუმის შოთა რუსთაველის სახელმწიფო უნივერსიტეტის მთავარი ბიბლიოთეკა ბათუმის შოთა რუსთაველის სახელმწიფო უნივერსიტეტის მთავარი ბიბლიოთეკა წიგნსაცავი 2018-12-17 811.1+811.112.2 4839 2018-12-17 4839 2018-12-17 წიგნი